000 01552cam a22004694i 4500
003 PE-LiUPU
005 20250731173457.0
008 150616s r 000 0 d
020 _a0801056624
035 _a(Sirsi) i9780801056628
040 _aPE-LiUPU
_bspa
_cPE-LiUPU
_erda
049 _aPRUA
082 0 4 _a220.601
_bL67
_221
100 1 _aLinnemann, Eta,
_eautor.
245 1 0 _aHistorical Criticism of the Bible /
_cEta Linnemann.
264 1 _aGrand Rapids, Michigan :
_bBaker Book House,
_c1990.
300 _a169 páginas ;
_c21 centímetros
336 _atext
_2rdacontent
337 _aunmediated
_2rdamedia
338 _avolume
_2rdacarrier
505 0 _aChristianity and the modern university -- God's word and historical-critical theology.
526 _aSEG42
526 _aSEG41
526 _aSEG40
526 _aSEG39
526 _aP94
526 _aP87
526 _aP86
526 _aP85
526 _aP77
526 _aP76
526 _aP35
630 _aBiblia
_xAutoridad, Testimonio.
650 0 4 _a
910 _ajck
_bjvq
_cjck
942 _2ddc
_cBOOK
949 _a220.601 L67
_wDEWEY
_c1
_i40131
_lCCODEBUL1
_mBUL
_r0
_sY
_tBOOK
_u2015-6-16
_xTEOLOGIA
_zUNKNOWN
_0COMPRA
_o.STAFF. Colección General
994 _aC0
_bPEPRU
596 _a1
999 _a220.601 L67
_wDEWEY
_c57921
_i40131
_d57921
_e2018-4-18
_f2021-11-9
_g5
_lCCODEBUL1
_mBUL
_n1
_q1
_r0
_sY
_tBOOK
_u2015-6-16
_xTEOLOGIA
_zUNKNOWN
_0COMPRA
_o.STAFF. Colección General
980 _81
_gALBERTO SANCHEZ Responsable de Automatización